000 00398nam a2200157Ia 4500
008 160316s1994 xxu||||| |||| 00| 0 eng d
082 _a658.400000
_bOSB
100 _aOsborne Martin J
245 _aA course in game theory
250 _a
260 _aCambridge
_bThe MIT Press
_c1994
300 _a352p
_b
_cxi
365 _b Rs. 1,964
650 _a1. Game Thoery
700 _aRubinstein Ariel
_a
999 _c24552
_d24552